[Event "4NCL/Div4/3CS2 vs. SXM"]
[Site "West Bromwich ENG"]
[Date "2005.12.04"]
[Round "4.2"]
[White "Fraser, Joe P"]
[Black "Jaunooby, Ali Reza"]
[Result "0-1"]
[WhiteElo "2065"]
[BlackElo "2160"]
[PlyCount "72"]
[EventDate "2005.12.04"]
[SourceDate "2005.10.25"]

1. e4 g6 2. d4 Bg7 3. Nc3 d6 4. Be3 a6 5. f3 b5 6. Qd2 Nd7 7. Nge2 Nb6 8. b3
Bb7 9. Rd1 h5 10. g3 h4 11. Bg2 h3 12. Bf1 Qd7 13. Nf4 g5 14. Nd3 g4 15. fxg4
Nf6 16. d5 Nxg4 17. Bf4 c6 18. Nb4 c5 19. Nd3 c4 20. Nf2 Rc8 21. b4 Ne5 22. Be2
a5 23. a3 axb4 24. axb4 Ra8 25. Be3 Na4 26. Nxa4 Rxa4 27. c3 Qc8 28. Rc1 Qa8
29. O-O Bc8 30. Bd4 Bh6 31. Qd1 Bxc1 32. Qxc1 Ra2 33. Bd1 f6 34. Qf4 Rb2 35.
Ng4 Rg2+ 36. Kh1 Qa2 0-1

[Event "4NCL/Div4/3CS2 vs. SXM"]
[Site "West Bromwich ENG"]
[Date "2005.12.04"]
[Round "4.3"]
[White "Adams, Phil"]
[Black "Bucher, Grant W"]
[Result "1-0"]
[WhiteElo "2150"]
[BlackElo "2025"]
[PlyCount "141"]
[EventDate "2005.12.04"]
[SourceDate "2005.10.25"]

1. e4 e5 2. Nc3 Nc6 3. Nf3 f5 4. exf5 Nf6 5. d4 exd4 6. Nxd4 Nxd4 7. Qxd4 d5 8.
Bg5 c5 9. Qe5+ Kf7 10. Bxf6 gxf6 11. Qxd5+ Qxd5 12. Nxd5 Bxf5 13. Ne3 Be4 14.
Bc4+ Kg6 15. Rd1 h5 16. O-O f5 17. Bd5 Re8 18. Bxe4 Rxe4 19. Rd7 f4 20. Nd5 b5
21. Rd1 Bg7 22. b3 Rhe8 23. Kf1 h4 24. f3 Rd4 25. Rxd4 Bxd4 26. Nxf4+ Kg5 27.
Ne2 Be3 28. Rd5+ Kg6 29. g3 h3 30. f4 Re7 31. Rg5+ Kh6 32. Re5 Rxe5 33. fxe5
Kg5 34. Nf4 Kf5 35. Nxh3 Kxe5 36. Ke2 Bd4 37. Ng5 Kf5 38. Nf3 Bf6 39. h3 Ke4
40. h4 a6 41. c4 b4 42. g4 Kf4 43. g5 Bc3 44. h5 Kg4 45. h6 Kf5 46. Ke3 Bb2 47.
h7 Ba1 48. Nd2 Bd4+ 49. Kf3 Kxg5 50. Ke4 Kg6 51. Nf3 Bc3 52. Kd5 Kxh7 53. Kxc5
Kg6 54. Nd4 Kf7 55. Nc6 Ke8 56. Nxb4 a5 57. Nc6 Kd7 58. Kb5 Kc7 59. Nxa5 Be1
60. c5 Bf2 61. Nc4 Bd4 62. Nd6 Bf2 63. b4 Bg3 64. a4 Be5 65. a5 Kb8 66. Kb6 Bf6
67. Nb5 Bd8+ 68. Kc6 Kc8 69. a6 Kb8 70. Kd7 Bf6 71. c6 1-0

[Event "4NCL/Div4/3CS2 vs. SXM"]
[Site "West Bromwich ENG"]
[Date "2005.12.04"]
[Round "4.4"]
[White "Tucker, Andrew L"]
[Black "Tompson, John C"]
[Result "0-1"]
[WhiteElo "1980"]
[BlackElo "2050"]
[PlyCount "46"]
[EventDate "2005.12.04"]
[SourceDate "2005.10.25"]

1. d4 Nf6 2. Bg5 Ne4 3. Bf4 c5 4. f3 Nf6 5. d5 d6 6. e4 g6 7. Nc3 Bg7 8. Qd2
O-O 9. g4 Qa5 10. h4 a6 11. Nge2 Nbd7 12. Ng3 Ne5 13. Be2 b5 14. Kf2 Bd7 15. h5
b4 16. Nd1 Bb5 17. Bxb5 Qxb5 18. Bh6 Nexg4+ 19. Ke1 Bxh6 20. Qg2 Qc4 21. fxg4
Bf4 22. hxg6 Bxg3+ 23. Qxg3 Qxe4+ 0-1

[Event "4NCL/Div4/3CS2 vs. SXM"]
[Site "West Bromwich ENG"]
[Date "2005.12.04"]
[Round "4.5"]
[White "Hazlehurst, Cory"]
[Black "Richardson, Joe M"]
[Result "1/2-1/2"]
[WhiteElo "1945"]
[BlackElo "1950"]
[PlyCount "97"]
[EventDate "2005.12.04"]
[SourceDate "2005.10.25"]

1. e4 e5 2. Nf3 Nc6 3. Bb5 a6 4. Ba4 Nf6 5. Qe2 b5 6. Bb3 d6 7. h3 Na5 8. O-O
Nxb3 9. axb3 h6 10. d4 Bb7 11. Nbd2 exd4 12. Nxd4 c5 13. Nf5 g6 14. Ng3 Nd7 15.
f4 Bg7 16. Nf3 O-O 17. f5 Re8 18. Bf4 Bxe4 19. fxg6 Bxg6 20. Qd2 Ne5 21. Bxh6
Nxf3+ 22. Rxf3 Re6 23. Bxg7 Kxg7 24. Raf1 Qe7 25. Nf5+ Bxf5 26. Rxf5 Rf8 27.
Qa5 Rg6 28. Qc3+ Kg8 29. Rf6 d5 30. Qf3 Rxf6 31. Qxf6 Qxf6 32. Rxf6 Re8 33. Kf2
Re6 34. Rxe6 fxe6 35. Kf3 Kf7 36. h4 e5 37. Kg4 Kg6 38. h5+ Kh6 39. Kf5 e4 40.
Kf4 Kxh5 41. c4 e3 42. Kxe3 d4+ 43. Kd3 b4 44. Ke2 Kg4 45. Kf2 Kf4 46. Ke2 Kg3
47. Kf1 Kf4 48. Kf2 Kg4 49. Ke2 1/2-1/2

[Event "4NCL/Div4/3CS2 vs. SXM"]
[Site "West Bromwich ENG"]
[Date "2005.12.04"]
[Round "4.6"]
[White "Fraser, Nicholas"]
[Black "Glover, Richard"]
[Result "0-1"]
[WhiteElo "1590"]
[BlackElo "1965"]
[PlyCount "52"]
[EventDate "2005.12.04"]
[SourceDate "2005.10.25"]

1. e4 d5 2. exd5 Qxd5 3. Nc3 Qa5 4. Bc4 Nf6 5. Nf3 Bg4 6. h3 Bh5 7. g4 Bg6 8.
d3 c6 9. Bd2 Qc7 10. Qe2 Nbd7 11. O-O-O O-O-O 12. Rhe1 e6 13. h4 h5 14. g5 Ng4
15. Ne4 Nge5 16. Nxe5 Nxe5 17. Bf4 Nxd3+ 18. Rxd3 Qxf4+ 19. Qe3 Qxe4 20. Rxd8+
Kxd8 21. Rd1+ Kc8 22. Qxe4 Bxe4 23. Rd4 Bf5 24. Be2 Bc5 25. Rf4 g6 26. f3 Be3+
0-1

[Event "4NCL/Div4/OXF3 vs. SCS"]
[Site "West Bromwich ENG"]
[Date "2005.12.04"]
[Round "4.1"]
[White "Smith, Jonathan"]
[Black "Reynolds, D Ian"]
[Result "0-1"]
[WhiteElo "1935"]
[BlackElo "2125"]
[PlyCount "84"]
[EventDate "2005.12.04"]
[SourceDate "2005.10.25"]

1. e4 e5 2. Nc3 Nf6 3. Bc4 Bc5 4. d3 d6 5. f4 c6 6. fxe5 dxe5 7. Nf3 Bg4 8.
Bxf7+ Ke7 9. Bb3 Nbd7 10. Qe2 Qe8 11. Be3 Qh5 12. O-O Rae8 13. a3 Kd8 14. Ba2
Bxf3 15. Rxf3 Ng4 16. Bxc5 Qxh2+ 17. Kf1 Nxc5 18. Ke1 Qh4+ 19. Kd2 Qh6+ 20. Ke1
Qh4+ 21. Kd2 Qg5+ 22. Ke1 Rhf8 23. Nd1 Nh2 24. Rf2 Ng4 25. Rf3 Rf4 26. g3 Rxf3
27. Qxf3 Nd7 28. Qf5 Qxf5 29. exf5 Rf8 30. Nc3 Ne3 31. Kd2 Nxf5 32. Ne4 Ke7 33.
g4 Nd6 34. Ng5 Rf2+ 35. Kc3 Rg2 36. Rf1 h6 37. Nf7 Rxg4 38. Nxd6 Kxd6 39. Rf7
h5 40. Rf5 g5 41. Bf7 h4 42. Bh5 Rg1 0-1

[Event "4NCL/Div4/OXF3 vs. SCS"]
[Site "West Bromwich ENG"]
[Date "2005.12.04"]
[Round "4.2"]
[White "Kilpatrick, Callum"]
[Black "Harrison, Pete R"]
[Result "1-0"]
[WhiteElo "2070"]
[BlackElo "1915"]
[PlyCount "47"]
[EventDate "2005.12.04"]
[SourceDate "2005.10.25"]

1. e4 e6 2. d4 d5 3. Nc3 Nf6 4. Bg5 Be7 5. e5 Nfd7 6. h4 a6 7. Qg4 Bxg5 8. hxg5
c5 9. g6 f5 10. exf6 Nxf6 11. Qf4 cxd4 12. Qxd4 Nc6 13. Qh4 Ne5 14. Qg3 Qc7 15.
gxh7 Rxh7 16. Rxh7 Nxh7 17. O-O-O Nf6 18. Nf3 Nfg4 19. Nxe5 Nxe5 20. Re1 d4 21.
Rxe5 dxc3 22. Rxe6+ Kd8 23. Qg5+ Kd7 24. Qe7# 1-0

[Event "4NCL/Div4/OXF3 vs. SCS"]
[Site "West Bromwich ENG"]
[Date "2005.12.04"]
[Round "4.3"]
[White "Bull, Philip"]
[Black "Lutton, J Arnold"]
[Result "1-0"]
[WhiteElo "1865"]
[BlackElo "1940"]
[PlyCount "119"]
[EventDate "2005.12.04"]
[SourceDate "2005.10.25"]

1. d4 e6 2. e3 Nf6 3. Bd3 d5 4. f4 c5 5. c3 Nc6 6. Nf3 Bd7 7. O-O Be7 8. Ne5
O-O 9. Nd2 h6 10. Ndf3 Ne4 11. Qc2 cxd4 12. exd4 f6 13. Nxd7 Qxd7 14. Bxe4 dxe4
15. Qxe4 Rfe8 16. Bd2 Rad8 17. Rad1 Bd6 18. Kh1 Bc7 19. Qg6 Qf7 20. Qxf7+ Kxf7
21. g3 Ne7 22. Rde1 Nf5 23. Bc1 b5 24. a3 Bb6 25. g4 Ne7 26. g5 hxg5 27. fxg5
Nf5 28. Re2 Bc7 29. Rfe1 e5 30. dxe5 Rh8 31. Kg2 Rd3 32. Bf4 Bb6 33. Rd2 Nh4+
34. Nxh4 Rxd2+ 35. Bxd2 Rxh4 36. gxf6 gxf6 37. exf6 Kxf6 38. Be3 Bc7 39. h3 Rh7
40. Bxa7 Rg7+ 41. Kf1 Rg3 42. Bd4+ Kf5 43. Re3 Rg6 44. Re7 Bf4 45. Rb7 Rg3 46.
Rxb5+ Ke4 47. Rb7 Rxh3 48. Rg7 Rd3 49. Re7+ Kf3 50. a4 Rd1+ 51. Re1 Rd2 52. b4
Rh2 53. Bg1 Rc2 54. Bd4 Rh2 55. a5 Rh1+ 56. Bg1 Bd2 57. Re7 Rh6 58. Rf7+ Bf4
59. b5 Rd6 60. Rxf4+ 1-0

[Event "4NCL/Div4/OXF3 vs. SCS"]
[Site "West Bromwich ENG"]
[Date "2005.12.04"]
[Round "4.4"]
[White "Lowry-O'Reilly, Hannah"]
[Black "Levicki, Jeffrey"]
[Result "1/2-1/2"]
[WhiteElo "1790"]
[BlackElo "1880"]
[PlyCount "47"]
[EventDate "2005.12.04"]
[SourceDate "2005.10.25"]

1. d4 Nf6 2. c4 c5 3. Nf3 cxd4 4. Nxd4 g6 5. g3 Bg7 6. Bg2 Qc7 7. b3 Qa5+ 8.
Qd2 Qxd2+ 9. Nxd2 Ng4 10. Bb2 Nc6 11. N2f3 b6 12. Rb1 Bb7 13. O-O O-O 14. Rfd1
Rfd8 15. Rd2 Bh6 16. Rdd1 Nxd4 17. Bxd4 Be4 18. Rb2 d5 19. cxd5 Rxd5 20. e3
Nxe3 21. fxe3 Bxe3+ 22. Kf1 Bxf3 23. Bxf3 Rxd4 24. Re1 1/2-1/2

[Event "4NCL/Div4/OXF3 vs. SCS"]
[Site "West Bromwich ENG"]
[Date "2005.12.04"]
[Round "4.5"]
[White "Zhang, Marco"]
[Black "Clarke, Sean A"]
[Result "0-1"]
[WhiteElo "1915"]
[BlackElo "1775"]
[PlyCount "102"]
[EventDate "2005.12.04"]
[SourceDate "2005.10.25"]

1. e4 Nc6 2. Nc3 e5 3. f4 Nf6 4. Nf3 exf4 5. Bc4 Na5 6. Bb3 Nxb3 7. axb3 d5 8.
e5 Nh5 9. O-O Bg4 10. d4 Be7 11. Qd3 c6 12. Ne2 g5 13. Bd2 Qd7 14. c4 Bf5 15.
Qc3 Be4 16. Be1 g4 17. Nd2 Bg5 18. Bf2 Rg8 19. Nxe4 dxe4 20. d5 e3 21. Be1 Bh6
22. e6 fxe6 23. Qe5 Qf7 24. dxe6 Qg6 25. Rxa7 Rxa7 26. Qb8+ Ke7 27. Qxa7 Qxe6
28. Qxb7+ Qd7 29. Bb4+ Ke8 30. Qb8+ Kf7 31. Qe5 Rg5 32. Qe4 Rg6 33. Qe5 Rg5 34.
Qe4 Rg6 35. Qe5 Rg5 36. Qe4 Rf5 37. Nd4 Nf6 38. Qxf5 Qxd4 39. Be1 e2+ 40. Rf2
g3 41. hxg3 fxg3 42. Qxf6+ Qxf6 43. Rxf6+ Kxf6 44. Bxg3 Bd2 45. Bf2 e1=Q+ 46.
Bxe1 Bxe1 47. Kf1 Bb4 48. Ke2 Ke5 49. Ke3 c5 50. g3 Kf5 51. Kf3 h5 0-1

[Event "4NCL/Div4/OXF3 vs. SCS"]
[Site "West Bromwich ENG"]
[Date "2005.12.04"]
[Round "4.6"]
[White "Tourbassova, Sasha"]
[Black "Henbest, Kevin B"]
[Result "0-1"]
[WhiteElo "1740"]
[BlackElo "1855"]
[PlyCount "78"]
[EventDate "2005.12.04"]
[SourceDate "2005.10.25"]

1. e4 c5 2. Nf3 d6 3. c3 Nf6 4. e5 Nd5 5. Bc4 Nb6 6. O-O Nxc4 7. Qa4+ Nc6 8.
Qxc4 e6 9. d4 Be7 10. Be3 b6 11. Nbd2 Bb7 12. a3 O-O 13. b4 a5 14. b5 Nb8 15.
a4 Nd7 16. Qd3 f5 17. Nc4 Be4 18. Qe2 d5 19. Ncd2 f4 20. Nxe4 dxe4 21. Bxf4
exf3 22. Qe3 fxg2 23. Kxg2 Rf5 24. Kh1 Bg5 25. Bxg5 Qxg5 26. Qe4 Raf8 27. Ra2
Qf4 28. Qc6 Qf3+ 29. Qxf3 Rxf3 30. dxc5 Nxc5 31. c4 R3f4 32. Rc2 Nxa4 33. Kg2
Nc5 34. f3 a4 35. Rc3 Ra8 36. Ra1 Rd4 37. h3 Rd3 38. Rc2 a3 39. f4 Nb3 0-1

[Event "4NCL/Div4/HAL vs. RICB"]
[Site "West Bromwich ENG"]
[Date "2005.12.04"]
[Round "4.1"]
[White "Tarr, Steve"]
[Black "Kamara, Khalid"]
[Result "0-1"]
[WhiteElo "1940"]
[BlackElo "1780"]
[PlyCount "70"]
[EventDate "2005.12.04"]
[SourceDate "2005.10.25"]

1. d4 Nf6 2. Nf3 d5 3. Bg5 e6 4. Nbd2 Be7 5. e3 O-O 6. Bd3 Nbd7 7. O-O c5 8. c3
b6 9. Ne5 Bb7 10. f4 g6 11. Qf3 Ne4 12. Bxe4 Nxe5 13. dxe5 dxe4 14. Bxe7 exf3
15. Bxd8 fxg2 16. Rf2 Rfxd8 17. Nc4 Rd3 18. Re2 Ba6 19. Nd6 Rxd6 20. exd6 Bxe2
21. Re1 Bb5 22. Kxg2 Bc6+ 23. Kg3 Rd8 24. Rd1 Bd5 25. b3 b5 26. Kg4 f5+ 27. Kg5
Kg7 28. Kh4 c4 29. b4 Rxd6 30. Kg3 Ra6 31. Rd2 Ra3 32. Rc2 h6 33. h4 Kf6 34.
Kf2 Ke7 35. Ke2 Be4 0-1

[Event "4NCL/Div4/HAL vs. RICB"]
[Site "West Bromwich ENG"]
[Date "2005.12.04"]
[Round "4.2"]
[White "Kenyon, Scott J M"]
[Black "Peck, Windsor W"]
[Result "1-0"]
[WhiteElo "1840"]
[BlackElo "1910"]
[PlyCount "43"]
[EventDate "2005.12.04"]
[SourceDate "2005.10.25"]

1. e4 e6 2. d4 d5 3. Nc3 Nf6 4. Bg5 Be7 5. e5 Nfd7 6. Bxe7 Qxe7 7. Qg4 O-O 8.
f4 Qb4 9. O-O-O a6 10. Nf3 Nc6 11. Bd3 f5 12. Qh3 Re8 13. g4 Nxd4 14. Nxd5 exd5
15. c3 Ne2+ 16. Bxe2 Qxf4+ 17. Nd2 fxg4 18. Bxg4 Nxe5 19. Bxc8 Raxc8 20. Rdf1
Nd3+ 21. Qxd3 Qe4 22. Nxe4 1-0

[Event "4NCL/Div4/HAL vs. RICB"]
[Site "West Bromwich ENG"]
[Date "2005.12.04"]
[Round "4.3"]
[White "Llewelyn, John D"]
[Black "Ryan, Julian"]
[Result "0-1"]
[WhiteElo "1795"]
[BlackElo "1850"]
[PlyCount "78"]
[EventDate "2005.12.04"]
[SourceDate "2005.10.25"]

1. e4 e5 2. Nf3 Nc6 3. Bb5 a6 4. Ba4 Nf6 5. d3 b5 6. Bb3 Be7 7. c3 O-O 8. Nbd2
d5 9. Qe2 dxe4 10. dxe4 Bg4 11. Nf1 Qd7 12. Ng3 Rad8 13. Bc2 Be6 14. b3 Ne8 15.
O-O f6 16. Nh4 b4 17. Rd1 Qc8 18. Bb2 Nd6 19. Rd2 Nb5 20. Rxd8 Rxd8 21. c4 Nbd4
22. Qd3 Nf5 23. Qxd8+ Qxd8 24. Nhxf5 Qd2 25. Nxe7+ Nxe7 26. Rc1 Nc6 27. Nf1 Qe2
28. Ng3 Qd2 29. Nf1 Qd6 30. Ne3 Nd4 31. Rd1 Qc5 32. Bxd4 exd4 33. Nd5 c6 34.
Nf4 Bg4 35. Rd3 Qe5 36. f3 Qxf4 37. Kf2 Qc1 38. Bd1 Qb2+ 39. Be2 Be6 0-1

[Event "4NCL/Div4/HAL vs. RICB"]
[Site "West Bromwich ENG"]
[Date "2005.12.04"]
[Round "4.4"]
[White "Glover, Robert"]
[Black "Curry, Don S"]
[Result "0-1"]
[WhiteElo "1795"]
[BlackElo "1755"]
[PlyCount "48"]
[EventDate "2005.12.04"]
[SourceDate "2005.10.25"]

1. e4 e5 2. Nf3 Nc6 3. Bb5 a6 4. Ba4 Nf6 5. O-O Be7 6. Re1 b5 7. Bb3 O-O 8. c3
d5 9. exd5 Nxd5 10. Nxe5 Nxe5 11. Rxe5 c6 12. d4 Bd6 13. Re1 Qh4 14. g3 Qh3 15.
Qf3 Bg4 16. Qg2 Qh5 17. Nd2 Rae8 18. Re4 Bf3 19. Rh4 Re1+ 20. Nf1 Bxg2 21. Rxh5
Bxf1 22. f3 Rfe8 23. Bxd5 Bh3+ 24. Kf2 R8e2# 0-1

[Event "4NCL/Div4/HAL vs. RICB"]
[Site "West Bromwich ENG"]
[Date "2005.12.04"]
[Round "4.5"]
[White "McClory, Bernard H"]
[Black "Hall, Toby"]
[Result "1/2-1/2"]
[WhiteElo "1680"]
[BlackElo "1730"]
[PlyCount "60"]
[EventDate "2005.12.04"]
[SourceDate "2005.10.25"]

1. d4 d5 2. Nc3 Nf6 3. Bf4 a6 4. e3 e6 5. a3 c5 6. Nf3 Nc6 7. h4 Be7 8. Bd3
cxd4 9. exd4 Qb6 10. Be2 Ne4 11. O-O Bf6 12. Be3 Qd8 13. g3 e5 14. dxe5 Nxc3
15. bxc3 Nxe5 16. Nxe5 Bxe5 17. Bd4 Qd6 18. Bxe5 Qxe5 19. Re1 O-O 20. Bc4 Qxc3
21. Bxd5 Rb8 22. Bxf7+ Kh8 23. Re8 Rxe8 24. Bxe8 Bg4 25. Qe1 Qf3 26. Qe5 Rc8
27. Re1 Rxc2 28. Qe3 Re2 29. Rxe2 Qxe2 30. Qxe2 Bxe2 1/2-1/2

[Event "4NCL/Div4/HAL vs. RICB"]
[Site "West Bromwich ENG"]
[Date "2005.12.04"]
[Round "4.6"]
[White "Flinders, Alexander"]
[Black "Evans, Joyce"]
[Result "1-0"]
[WhiteElo "1660"]
[BlackElo "1440"]
[PlyCount "115"]
[EventDate "2005.12.04"]
[SourceDate "2005.10.25"]

1. d4 d5 2. c4 e6 3. Nc3 Nf6 4. Bg5 Be7 5. e3 b6 6. Nf3 Ba6 7. Ne5 c6 8. Qa4
Bb7 9. cxd5 exd5 10. Bxf6 Bxf6 11. Nd3 O-O 12. Be2 Nd7 13. Rc1 Be7 14. Bf3 Nf6
15. Ne5 Qc7 16. Nxd5 Nxd5 17. Bxd5 b5 18. Qb3 Qa5+ 19. Ke2 cxd5 20. h4 Qa6 21.
h5 b4+ 22. Kf3 Qf6+ 23. Ke2 Ba6+ 24. Ke1 Rac8 25. Qd1 h6 26. Rh3 Qb6 27. Rxc8
Rxc8 28. Qf3 Rc1+ 29. Kd2 Qc7 30. Qxf7+ Kh7 31. Qg6+ Kh8 32. Nf7+ Kg8 33. Nxh6+
Kh8 34. Nf7+ Kg8 35. h6 Rc2+ 36. Qxc2 Qxc2+ 37. Kxc2 Kh7 38. g4 Bc8 39. hxg7+
Kxg7 40. Ne5 a6 41. Kb3 Bd6 42. f3 Kf6 43. Nc6 Bd7 44. Rh6+ Kg5 45. Rxd6 Bxc6
46. Rxc6 a5 47. Rc5 Kh4 48. Rxd5 Kg3 49. Rxa5 Kxf3 50. Kxb4 Kxe3 51. d5 Kf4 52.
d6 Kxg4 53. d7 Kf4 54. d8=Q Ke3 55. Re5+ Kf4 56. Qf6+ Kg3 57. Rg5+ Kh3 58. Qh6#
1-0

[Event "4NCL/Div4/ATH1 vs. GUI4"]
[Site "West Bromwich ENG"]
[Date "2005.12.04"]
[Round "4.1"]
[White "Roberts, Paul"]
[Black "Granat, Russell G"]
[Result "0-1"]
[WhiteElo "2200"]
[BlackElo "2195"]
[PlyCount "86"]
[EventDate "2005.12.04"]
[SourceDate "2005.10.25"]

1. e4 Nc6 2. Nf3 e5 3. Bb5 a6 4. Ba4 d6 5. Bxc6+ bxc6 6. d4 exd4 7. Qxd4 Qf6 8.
Qc4 Ne7 9. Nc3 Rb8 10. O-O Qe6 11. Qa4 Qd7 12. e5 c5 13. Qxd7+ Bxd7 14. exd6
cxd6 15. b3 Bc6 16. Nd2 d5 17. Bb2 f6 18. Rfe1 Kf7 19. Ne2 g5 20. Nf3 Rg8 21.
Ng3 d4 22. Ne4 Nf5 23. Ba3 Nh4 24. Nexg5+ Rxg5 25. Nxh4 Bd6 26. g3 Bc7 27. Bc1
Rh5 28. Ng2 Ba5 29. Nf4 Bxe1 30. Nxh5 Bc3 31. Rb1 Re8 32. Ba3 Be4 33. Nf4 Bxc2
34. Rc1 Be4 35. Bxc5 Bd2 36. Ra1 Bxf4 37. gxf4 Rg8+ 38. Kf1 Bd3+ 39. Ke1 Rg1+
40. Kd2 Rxa1 41. Kxd3 Rxa2 42. Bxd4 Ra5 43. Ke4 Rb5 0-1

[Event "4NCL/Div4/ATH1 vs. GUI4"]
[Site "West Bromwich ENG"]
[Date "2005.12.04"]
[Round "4.2"]
[White "Punnett, Alan K"]
[Black "Stevenson, James A B"]
[Result "1-0"]
[WhiteElo "2155"]
[BlackElo "2195"]
[PlyCount "98"]
[EventDate "2005.12.04"]
[SourceDate "2005.10.25"]

1. d4 Nf6 2. c4 e6 3. g3 c5 4. d5 exd5 5. cxd5 d6 6. Nc3 g6 7. Bg2 Bg7 8. Nf3
O-O 9. O-O Na6 10. Nd2 Nc7 11. a4 b6 12. Nc4 Ba6 13. Na3 Re8 14. Re1 Rb8 15. e4
Nd7 16. f4 Bb7 17. Nab5 Nxb5 18. Nxb5 Qe7 19. Nxa7 Bd4+ 20. Kh1 Bxd5 21. Nb5
Nf6 22. Nxd4 cxd4 23. Qxd4 Bxe4 24. Bd2 Bxg2+ 25. Kxg2 Qb7+ 26. Kg1 Ne4 27. Be3
f5 28. Rad1 Rec8 29. Rc1 Rc5 30. b4 Rd5 31. Qb2 Rd3 32. Qc2 Rc3 33. Qa2+ Qf7
34. Qxf7+ Kxf7 35. Bd4 Rd3 36. Red1 Rxd1+ 37. Rxd1 Ke6 38. Kg2 Kd7 39. Kf3 h5
40. Ke3 Kc6 41. Kd3 Ra8 42. Ra1 d5 43. Be5 Nd6 44. Kd4 Nc4 45. b5+ Kd7 46. Ra2
Ke6 47. Bg7 Kd6 48. Re2 Rc8 49. Bf6 Na5 1-0

[Event "4NCL/Div4/ATH1 vs. GUI4"]
[Site "West Bromwich ENG"]
[Date "2005.12.04"]
[Round "4.3"]
[White "Pedersen, Carsten"]
[Black "Allinson, Julian"]
[Result "1/2-1/2"]
[WhiteElo "2175"]
[BlackElo "2205"]
[PlyCount "77"]
[EventDate "2005.12.04"]
[SourceDate "2005.10.25"]

1. e4 c6 2. d4 d5 3. exd5 cxd5 4. Bd3 Nc6 5. c3 Nf6 6. Bf4 Bg4 7. Qb3 Qd7 8.
Nd2 e6 9. Ngf3 Bxf3 10. Nxf3 Bd6 11. Bxd6 Qxd6 12. O-O O-O 13. Qxb7 Rab8 14.
Qa6 Rb6 15. Qa4 Rxb2 16. Rab1 Rfb8 17. Rxb2 Rxb2 18. Rb1 Rxb1+ 19. Bxb1 Qf4 20.
Qd1 Ne4 21. Qe1 Nd6 22. Bd3 g6 23. Qe3 Qxe3 24. fxe3 Na5 25. Nd2 f5 26. Kf2 Kg7
27. Nf3 Nac4 28. Ng5 e5 29. Ne6+ Kf7 30. Nc7 e4 31. Be2 Nb6 32. Bd1 Ke7 33. Bb3
Ndc4 34. Nxd5+ Nxd5 35. Bxc4 Nxc3 36. Ke1 Kd6 37. Bg8 Nd5 38. Kf2 Nf6 39. Bb3
1/2-1/2

[Event "4NCL/Div4/ATH1 vs. GUI4"]
[Site "West Bromwich ENG"]
[Date "2005.12.04"]
[Round "4.4"]
[White "Singleton, Michael"]
[Black "Quinn, John M"]
[Result "0-1"]
[WhiteElo "2105"]
[BlackElo "2080"]
[PlyCount "146"]
[EventDate "2005.12.04"]
[SourceDate "2005.10.25"]

1. d4 Nf6 2. c4 e6 3. Nc3 Bb4 4. e3 c5 5. Bd3 b6 6. Nge2 Bb7 7. O-O O-O 8. f4
d5 9. f5 Nc6 10. fxe6 fxe6 11. Nf4 Qd6 12. cxd5 exd5 13. Nb5 Qd7 14. a3 c4 15.
Bc2 Bd6 16. Nxd6 Qxd6 17. Bd2 Rae8 18. Rf3 Bc8 19. Rg3 Ne4 20. Bxe4 Rxe4 21.
Qh5 Bf5 22. Rf1 Re7 23. Nh3 Be4 24. Rxf8+ Kxf8 25. Ng5 Qg6 26. Qg4 Kg8 27. Nxe4
Qxg4 28. Rxg4 Rxe4 29. Rxe4 dxe4 30. Kf2 Ne7 31. Kg3 Nd5 32. Kg4 g6 33. h4 h5+
34. Kg5 Kf7 35. g4 hxg4 36. Kxg4 Kf6 37. h5 gxh5+ 38. Kxh5 Kf5 39. Kh4 b5 40.
Kg3 a6 41. Kf2 Ne7 42. Kg3 Ke6 43. Kf2 Kd5 44. Ke2 Nc6 45. Kd1 Ne7 46. Kc2 Kc6
47. b3 Nd5 48. a4 cxb3+ 49. Kxb3 Kd6 50. axb5 axb5 51. Kc2 Ke6 52. Kd1 Kf5 53.
Ke2 Kg4 54. Bc1 b4 55. Kd1 b3 56. Ke2 Nb6 57. Kd2 Na4 58. Ba3 Kf5 59. Bf8 Ke6
60. Bh6 Kd5 61. Bg5 Kc4 62. Bh6 Nb6 63. Bf8 Nd5 64. Ba3 Nc3 65. Bb2 Nb5 66. Bc1
Kb4 67. Bb2 Nc7 68. Ke2 Nd5 69. Kd2 Nb6 70. Bc3+ Ka3 71. Kc1 Ka2 72. d5 Nxd5
73. Bd4 Nxe3 0-1

[Event "4NCL/Div4/ATH1 vs. GUI4"]
[Site "West Bromwich ENG"]
[Date "2005.12.04"]
[Round "4.5"]
[White "Gruettner, Ralf"]
[Black "Hill, David F"]
[Result "1-0"]
[WhiteElo "2105"]
[BlackElo "2070"]
[PlyCount "159"]
[EventDate "2005.12.04"]
[SourceDate "2005.10.25"]

1. d4 d5 2. c4 e6 3. cxd5 exd5 4. Nc3 c6 5. Nf3 Bd6 6. Bg5 Ne7 7. e3 Qb6 8.
Bxe7 Bxe7 9. Qd2 Bf5 10. Be2 Nd7 11. O-O O-O 12. Bd3 Bxd3 13. Qxd3 Rad8 14.
Rab1 a5 15. a3 Ra8 16. Qc2 Rfc8 17. Rfc1 Qd8 18. Ne2 Bd6 19. g3 Qf6 20. Kg2 b5
21. a4 bxa4 22. Qxa4 Nb6 23. Qd1 a4 24. Nc3 Qe7 25. Ra1 g5 26. Nxa4 Nxa4 27.
Rxa4 Rab8 28. Qc2 g4 29. Nh4 Qe6 30. Ra6 Be7 31. Qf5 Bxh4 32. Qxe6 fxe6 33.
gxh4 Rxb2 34. Raxc6 Rxc6 35. Rxc6 Kf7 36. Rc7+ Kg6 37. Re7 Rb6 38. h5+ Kxh5 39.
Rxh7+ Kg6 40. Rh4 Kf5 41. Rh5+ Kg6 42. Re5 Kf6 43. Kg3 Rb2 44. Rh5 Rd2 45. Rh4
e5 46. dxe5+ Kxe5 47. Rxg4 Rd1 48. h4 Rg1+ 49. Kf3 Rh1 50. Kg2 Ra1 51. h5 Kf5
52. Rd4 Ra5 53. h6 Kg6 54. Rh4 Kh7 55. Kf3 Ra8 56. Rh5 Rd8 57. Ke2 d4 58. e4
d3+ 59. Kd2 Rf8 60. Rf5 Rd8 61. f3 Kxh6 62. Rd5 Rf8 63. Rxd3 Kg5 64. Ke3 Kh4
65. Rd1 Kg5 66. Rg1+ Kf6 67. f4 Ra8 68. e5+ Kf7 69. Ke4 Ra4+ 70. Kf5 Ra5 71.
Rb1 Ra7 72. Rh1 Kg7 73. Rg1+ Kf8 74. e6 Re7 75. Ke5 Ra7 76. f5 Ra5+ 77. Kf6 Ra6
78. Rc1 Ra8 79. Rc2 Ke8 80. Rh2 1-0

[Event "4NCL/Div4/ATH1 vs. GUI4"]
[Site "West Bromwich ENG"]
[Date "2005.12.04"]
[Round "4.6"]
[White "Horton, Justin"]
[Black "McKeown, Paul"]
[Result "1-0"]
[WhiteElo "2110"]
[BlackElo "2060"]
[PlyCount "51"]
[EventDate "2005.12.04"]
[SourceDate "2005.10.25"]

1. Nf3 d5 2. c4 c6 3. d4 Nf6 4. Nc3 e6 5. e3 Nbd7 6. Bd3 dxc4 7. Bxc4 b5 8. Bd3
a6 9. e4 c5 10. d5 exd5 11. e5 Ng4 12. O-O Bb7 13. Bf5 h5 14. e6 Nde5 15. Nxe5
Nxe5 16. Re1 f6 17. Rxe5 fxe5 18. Bg6+ Ke7 19. Bg5+ Kxe6 20. Bxd8 Rxd8 21. Qf3
Be7 22. Qf7+ Kd6 23. Nxd5 Bxd5 24. Rd1 Kc6 25. Qxe7 Rd7 26. Be8 1-0

[Event "4NCL/Div4/GREN vs. GLOSG"]
[Site "West Bromwich ENG"]
[Date "2005.12.04"]
[Round "4.1"]
[White "Pugh, Derek C"]
[Black "White, Ian R"]
[Result "1-0"]
[WhiteElo "2185"]
[BlackElo "2120"]
[PlyCount "49"]
[EventDate "2005.12.04"]
[SourceDate "2005.10.25"]

1. e4 e6 2. d4 d5 3. Nc3 Bb4 4. Bd3 dxe4 5. Bxe4 Nf6 6. Bf3 c5 7. Nge2 Nc6 8.
O-O Nxd4 9. Nxd4 cxd4 10. Nb5 d3 11. Bf4 O-O 12. Nc7 Rb8 13. Nd5 Bd6 14. Nxf6+
gxf6 15. Bh6 dxc2 16. Qxc2 Re8 17. Qa4 e5 18. Rfd1 b5 19. Qxa7 Be6 20. Bc6 Re7
21. Qe3 Bf5 22. Qf3 Qc8 23. Rxd6 Rc7 24. Rad1 e4 25. Qxf5 1-0

[Event "4NCL/Div4/GREN vs. GLOSG"]
[Site "West Bromwich ENG"]
[Date "2005.12.04"]
[Round "4.2"]
[White "Hosken, Nigel"]
[Black "Osborne, David C"]
[Result "1-0"]
[WhiteElo "2105"]
[BlackElo "2085"]
[PlyCount "39"]
[EventDate "2005.12.04"]
[SourceDate "2005.10.25"]

1. d4 d5 2. c4 c6 3. Nf3 Nf6 4. Nc3 dxc4 5. a4 Bg4 6. Ne5 Bh5 7. f3 e6 8. Nxc4
Bb4 9. g3 Na6 10. Bg2 c5 11. dxc5 Qxd1+ 12. Kxd1 Bxc5 13. Be3 O-O-O+ 14. Ke1
Nd5 15. Nxd5 Rxd5 16. f4 Rd7 17. Bxc5 Nxc5 18. Rc1 Kb8 19. Ne5 Rc7 20. Rxc5 1-0

[Event "4NCL/Div4/GREN vs. GLOSG"]
[Site "West Bromwich ENG"]
[Date "2005.12.04"]
[Round "4.3"]
[White "Bass, John W"]
[Black "Buchanan, David"]
[Result "1/2-1/2"]
[WhiteElo "2050"]
[BlackElo "2095"]
[PlyCount "87"]
[EventDate "2005.12.04"]
[SourceDate "2005.10.25"]

1. d4 d5 2. Nf3 c5 3. c3 cxd4 4. cxd4 Nf6 5. Nc3 Nc6 6. Bf4 a6 7. e3 Bf5 8. Be2
e6 9. O-O Be7 10. Qb3 Na5 11. Qa4+ b5 12. Qd1 O-O 13. Nh4 Rc8 14. Nxf5 exf5 15.
a4 b4 16. Nb1 Rc6 17. Nd2 Ne4 18. f3 Nxd2 19. Qxd2 Nb3 20. Qd3 Nxa1 21. Rxa1
Qc8 22. e4 fxe4 23. fxe4 dxe4 24. Qxe4 Re8 25. Bg4 Bd6 26. Bxc8 Rxe4 27. Bb7
Rxf4 28. Bxc6 Rxd4 29. Re1 f6 30. g3 Be5 31. b3 Kf8 32. Re4 Rd1+ 33. Kf2 a5 34.
Bb5 Rb1 35. Bc4 Ke7 36. Re1 Rxe1 37. Kxe1 Kd6 38. Ke2 g5 39. Bd3 h5 40. Bg6 h4
41. Kf3 hxg3 42. hxg3 Kd5 43. g4 Kd4 44. Bf7 1/2-1/2